Normal view
MARC view
- NC Usman Ali Khan NC Saman Khan NC M. Areeb Usman GC Mohsin Ali
Entry Personal Name
001 - CONTROL NUMBER
- control field: 72000
003 - CONTROL NUMBER IDENTIFIER
- control field: NUST
005 - DATE AND TIME OF LATEST TRANSACTION
- control field: 20210628204727.0
008 - FIXED-LENGTH DATA ELEMENTS
- fixed length control field: 210628|| aca||aabn | a|a d
040 ## - CATALOGING SOURCE
- Original cataloging agency: NUST
- Transcribing agency: NUST
100 ## - HEADING--PERSONAL NAME
- Personal name: NC Usman Ali Khan NC Saman Khan NC M. Areeb Usman GC Mohsin Ali
670 ## - SOURCE DATA FOUND
- Source citation: Work cat.: (NUST): NC Usman Ali Khan NC Saman Khan NC M. Areeb Usman GC Mohsin Ali , PR-SOF-1692-DESIGN AND DEVELOPMENT OF UPPER LIMB PROSTHESIS WITH EMBEDDED CONTROL, 2018
